[Event "C.to Provinciale BG"]
[Site "Bergamo ITA"]
[Date "2006.11.03"]
[Round "5"]
[White "Biava, Pierluigi"]
[Black "Di Mauro, Valerio"]
[Result "0-1"]
[WhiteElo "1811"]
[BlackElo "1586"]
[PlyCount "64"]
[EventDate "2006.10.06"]

1. Nc3 c6 2. e3 d5 3. Nf3 Bg4 4. h3 Bxf3 5. Qxf3 e5 6. b3 Nf6 7. Bb2 Nbd7 8. g4
g6 9. Be2 Bd6 10. Qg2 Qc7 11. g5 Ng8 12. O-O-O O-O-O 13. Kb1 f5 14. Rc1 Ne7 15.
Na4 b5 16. Nc3 Qa5 17. f4 e4 18. a4 bxa4 19. Nxa4 Nb6 20. c4 Nxa4 21. bxa4 Qxa4
22. cxd5 Kd7 23. dxc6+ Nxc6 24. Rc4 Qb3 25. Rc3 Qb6 26. Bd1 Rb8 27. Rb3 Qa6 28.
Bxh8 Qd3+ 29. Kb2 Na5 30. Bc3 Nxb3 31. Bc2 Nd4+ 32. Bb3 Rxb3+ 0-1

[Event "C.to Provinciale BG"]
[Site "Bergamo ITA"]
[Date "2006.11.03"]
[Round "5"]
[White "Brambilla, Augusto"]
[Black "Maggioni, Oliviero"]
[Result "0-1"]
[WhiteElo "1374"]
[BlackElo "1550"]
[PlyCount "143"]
[EventDate "2006.10.06"]

1. e4 c5 2. Nf3 e6 3. Nc3 Nc6 4. d4 cxd4 5. Nxd4 a6 6. Nxc6 bxc6 7. a3 Qc7 8.
Qf3 Nf6 9. Bd3 Be7 10. Na4 d6 11. O-O O-O 12. Bd2 Bd7 13. b4 e5 14. h3 d5 15.
Nc5 Bxc5 16. bxc5 a5 17. Bg5 dxe4 18. Bxe4 Nxe4 19. Qxe4 Be6 20. Rab1 f5 21.
Qd3 h6 22. Bd2 Rfd8 23. Qc3 e4 24. g3 a4 25. Bf4 Qf7 26. Bd6 Bd5 27. Rb2 Re8
28. Rfb1 Qg6 29. Rb7 e3 30. Kf1 Qf6 31. Qxf6 gxf6 32. Rc7 Bc4+ 33. Ke1 exf2+
34. Kxf2 Re2+ 35. Kg1 Rxc2 36. Rbb7 Rc1+ 37. Kf2 Rc2+ 38. Ke1 Re8+ 39. Re7
Rxe7+ 40. Rxe7 Bb5 41. Re8+ Kf7 42. Re7+ Kg6 43. Bf4 Rxc5 44. Kd2 Rd5+ 45. Kc3
Rd3+ 46. Kb4 Rb3+ 47. Ka5 Rxa3 48. Re8 Rd3 49. Rg8+ Kh7 50. Re8 a3 51. Re1 a2
52. Ra1 Bc4 53. Kb4 Bd5 54. Kc5 Kg6 55. Bc7 Rd2 56. Bf4 Rb2 57. Kd4 Rb1 58.
Rxa2 Bxa2 59. Kc3 Bd5 60. Kd4 h5 61. h4 Kf7 62. Kc3 Ke6 63. Kc2 Be4+ 64. Kc3
Kd5 65. Be3 c5 66. Bh6 Rg1 67. Bf4 c4 68. Kd2 Rg2+ 69. Kc1 Kd4 70. Kd1 Kd3 71.
Kc1 c3 72. Kd1 0-1

[Event "C.to Provinciale BG"]
[Site "Bergamo ITA"]
[Date "2006.11.03"]
[Round "5"]
[White "Elsido, Massimo"]
[Black "Gucciardo, Salvatore"]
[Result "0-1"]
[WhiteElo "1790"]
[BlackElo "1560"]
[PlyCount "68"]
[EventDate "2006.10.06"]

1. e4 e6 2. d4 d5 3. Bd3 dxe4 4. Bxe4 Nf6 5. Bd3 Nbd7 6. Nf3 Be7 7. O-O b6 8.
a4 Bb7 9. a5 O-O 10. a6 Be4 11. Nc3 Bxd3 12. Qxd3 c5 13. Be3 Ng4 14. h3 Nxe3
15. fxe3 cxd4 16. exd4 Nf6 17. Ng5 Re8 18. Rf2 e5 19. Qc4 Rf8 20. dxe5 Bc5 21.
exf6 Bxf2+ 22. Kxf2 Qd2+ 23. Kg1 Qxg5 24. fxg7 Qxg7 25. Re1 Rfe8 26. Ne4 Rac8
27. Qb3 Qd4+ 28. Kh2 Rxe4 29. Rf1 Qe5+ 30. Kh1 Qe6 31. Qd3 Re8 32. Qg3+ Qg6 33.
Qc3 Re3 34. Qb4 Re2 0-1

[Event "C.to Provinciale BG"]
[Site "Bergamo ITA"]
[Date "2006.11.03"]
[Round "5"]
[White "Gerali, Paolo"]
[Black "Lanni, Vincenzo"]
[Result "1-0"]
[WhiteElo "1959"]
[BlackElo "1784"]
[PlyCount "37"]
[EventDate "2006.10.06"]

1. d4 g6 2. g3 Bg7 3. Bg2 d6 4. Nf3 Nf6 5. c4 O-O 6. Nc3 c6 7. O-O Nbd7 8. e4
e5 9. d5 Nc5 10. Qc2 Ng4 11. h3 Nh6 12. b4 Na6 13. a3 c5 14. b5 Nc7 15. Be3 b6
16. Qd2 Nf5 17. exf5 Bxf5 18. Bh6 e4 19. Nh4 1-0

[Event "C.to Provinciale BG"]
[Site "Bergamo ITA"]
[Date "2006.11.03"]
[Round "5"]
[White "Gerosa, Ottavio"]
[Black "Luizaga, Lucas"]
[Result "1/2-1/2"]
[WhiteElo "1458"]
[BlackElo "1428"]
[PlyCount "52"]
[EventDate "2006.10.06"]

1. e4 c6 2. Nf3 d5 3. exd5 cxd5 4. d4 Bg4 5. Bd2 e6 6. Nc3 Nf6 7. Na4 Nc6 8.
Be2 Bxf3 9. Bxf3 Nxd4 10. Bg5 Nxf3+ 11. Qxf3 Be7 12. O-O h6 13. Bf4 O-O 14. Be5
Qd7 15. Nc3 b6 16. Rad1 Rac8 17. Rd4 Rc5 18. Rfd1 Rd8 19. h4 Ne8 20. Qg3 f6 21.
Bf4 e5 22. Rxd5 Rxd5 23. Rxd5 exf4 24. Rxd7 fxg3 25. Rxe7 gxf2+ 26. Kxf2 Kf8
1/2-1/2

[Event "C.to Provinciale BG"]
[Site "Bergamo ITA"]
[Date "2006.11.03"]
[Round "5"]
[White "Guerini, Sara"]
[Black "Asperti, Fabio"]
[Result "0-1"]
[WhiteElo "1380"]
[BlackElo "1637"]
[PlyCount "62"]
[EventDate "2006.10.06"]

1. e4 g6 2. d4 Bg7 3. Nf3 d6 4. Bd3 Nf6 5. O-O O-O 6. Nc3 Bg4 7. Re1 Nc6 8. Be3
Nd7 9. d5 Nce5 10. Bf4 Nxf3+ 11. gxf3 Bh5 12. Bg3 e5 13. Kg2 Nc5 14. b4 Nxd3
15. Qxd3 f5 16. h3 fxe4 17. Rxe4 Bxf3+ 18. Kh2 Bxe4 19. Qxe4 Qd7 20. a3 Bh6 21.
Ne2 Rae8 22. c4 Bf4 23. Nxf4 exf4 24. Qd3 fxg3+ 25. Qxg3 Re2 26. Rf1 Qf5 27.
Kg1 Qf3 28. Qh2 Rf5 29. a4 Rg5+ 30. Qg3 Rxg3+ 31. fxg3 Qg2# 0-1

[Event "C.to Provinciale BG"]
[Site "Bergamo ITA"]
[Date "2006.11.03"]
[Round "5"]
[White "Impellizzeri, Francesco"]
[Black "Longo, Pietro"]
[Result "0-1"]
[WhiteElo "1688"]
[BlackElo "1772"]
[PlyCount "96"]
[EventDate "2006.10.06"]

1. d4 Nf6 2. c4 g6 3. Nc3 Bg7 4. e4 d6 5. f4 O-O 6. Nf3 c5 7. dxc5 Qa5 8. Bd3
Qxc5 9. Qe2 Nc6 10. Be3 Qa5 11. O-O Ng4 12. Bd2 Nd4 13. Nxd4 Bxd4+ 14. Kh1 Qc5
15. b4 Qh5 16. h3 Bd7 17. f5 Nf6 18. Rac1 Qxe2 19. Nxe2 Be5 20. Bc3 Bxc3 21.
Rxc3 Bc6 22. Ng3 b6 23. Re1 Nd7 24. Bc2 Rfc8 25. Bb3 a5 26. a3 axb4 27. axb4
Ra3 28. Ree3 Ne5 29. Kh2 Ba4 30. fxg6 hxg6 31. Ne2 Rxb3 32. Rxb3 Bxb3 33. Rxb3
Rxc4 34. Nc3 e6 35. Kg1 Nc6 36. Nb5 Rxe4 37. Nxd6 Rxb4 38. Rf3 f5 39. Rc3 Nd4
40. Rc8+ Kh7 41. Nf7 Rb1+ 42. Kf2 Kg7 43. Rc7 Kf6 44. Ke3 Nb5 45. Rb7 Na3 46.
Nd6 b5 47. h4 b4 48. Kd3 Rd1+ 0-1

[Event "C.to Provinciale BG"]
[Site "Bergamo ITA"]
[Date "2006.11.03"]
[Round "5"]
[White "Mangili, Riccardo"]
[Black "Basletta, Giovanni"]
[Result "1-0"]
[WhiteElo "1668"]
[BlackElo "1377"]
[PlyCount "43"]
[EventDate "2006.10.06"]

1. e4 g6 2. d4 Bg7 3. Nf3 d6 4. Bd3 Nf6 5. O-O O-O 6. h3 h6 7. Be3 Kh8 8. Qd2
Ng8 9. Nc3 c6 10. e5 d5 11. Ne2 b5 12. Nf4 Kh7 13. Nh5 Bh8 14. Bxh6 Nxh6 15.
Ng5+ Kg8 16. Ne6 fxe6 17. Qxh6 Rf7 18. Bxg6 Qf8 19. Bxf7+ Qxf7 20. Rae1 Bg7 21.
Qg5 Qf5 22. Qxg7# 1-0

[Event "C.to Provinciale BG"]
[Site "Bergamo ITA"]
[Date "2006.11.03"]
[Round "5"]
[White "Merletti, Vincenzo"]
[Black "Stefanelli, Alfredo"]
[Result "0-1"]
[WhiteElo "1545"]
[BlackElo "1778"]
[PlyCount "78"]
[EventDate "2006.10.06"]

1. d4 d5 2. c4 dxc4 3. Nc3 c6 4. a4 Nf6 5. e4 e6 6. Bxc4 Be7 7. Nf3 Nbd7 8. O-O
Qc7 9. e5 Nd5 10. Nxd5 cxd5 11. Bd3 a5 12. Ng5 h6 13. Qh5 O-O 14. Bh7+ Kh8 15.
Nxf7+ Kxh7 16. Bg5 Rxf7 17. Qxf7 Bxg5 18. f4 Bd8 19. f5 exf5 20. Qxf5+ Kh8 21.
Qg6 Ra6 22. Qe8+ Kh7 23. Rf7 Rg6 24. e6 Qc2 25. Rf2 Qc7 26. exd7 Qxd7 27. Rf8
Qxe8 28. Rxe8 Rd6 29. Rc1 Bf5 30. Rf8 Bf6 31. Rxf6 Rxf6 32. Rc5 Be4 33. Rxa5
Rb6 34. Rb5 Rxb5 35. axb5 b6 36. Kf2 Bd3 37. Ke3 Bxb5 38. Kd2 Kg6 39. Kc3 Kf5
0-1

[Event "C.to Provinciale BG"]
[Site "Bergamo ITA"]
[Date "2006.11.03"]
[Round "5"]
[White "Molteni, Costantino"]
[Black "Mora, Lorenzo"]
[Result "1-0"]
[WhiteElo "1950"]
[BlackElo "1837"]
[PlyCount "67"]
[EventDate "2006.10.06"]

1. d4 Nf6 2. Nf3 g6 3. Nbd2 Bg7 4. e4 d6 5. Bd3 Nbd7 6. O-O O-O 7. c3 c6 8. a4
Re8 9. Re1 Qc7 10. Qc2 b6 11. b4 Bb7 12. Bb2 c5 13. Rac1 d5 14. e5 Nh5 15. e6
fxe6 16. Rxe6 Nf4 17. Ree1 e5 18. dxe5 Nxe5 19. Nxe5 Bxe5 20. Nf3 c4 21. Bf1
Bc8 22. Qd2 g5 23. g3 Ng6 24. Nxg5 Bb7 25. Bg2 Rad8 26. f4 Nxf4 27. gxf4 Bxf4
28. Rxe8+ Rxe8 29. Bxd5+ Kg7 30. Qg2 Bxd5 31. Ne6+ Kf6 32. Nxc7 Be3+ 33. Qf2+
Bxf2+ 34. Kxf2 1-0

[Event "C.to Provinciale BG"]
[Site "Bergamo ITA"]
[Date "2006.11.03"]
[Round "5"]
[White "Nasoni, Paolo"]
[Black "Mazzotti, Federico"]
[Result "1/2-1/2"]
[WhiteElo "1901"]
[BlackElo "1786"]
[PlyCount "106"]
[EventDate "2006.10.06"]

1. e4 c5 2. Ne2 Nc6 3. Nbc3 Nf6 4. d4 cxd4 5. Nxd4 Qc7 6. Be2 e6 7. O-O a6 8.
Re1 b5 9. a3 Nxd4 10. Qxd4 Bc5 11. Qd3 Bb7 12. Bf3 d6 13. Be3 Nd7 14. Bf4 Ne5
15. Bxe5 dxe5 16. Rad1 O-O 17. Na2 Qb6 18. Qe2 a5 19. Nc1 b4 20. axb4 axb4 21.
Rd2 Ba6 22. Nd3 Bd4 23. Rb1 Qa5 24. Qe1 Bxd3 25. Rxd3 Qa2 26. Rb3 Rfc8 27. Qd1
Qa5 28. Qd2 Qc5 29. Bd1 Rab8 30. g3 Rd8 31. Qe2 Qc6 32. Kf1 Bc5 33. c3 Rd6 34.
Rc1 Qd7 35. Ke1 Rd8 36. cxb4 Bxf2+ 37. Kxf2 Rd2 38. Rbc3 Rxe2+ 39. Bxe2 Qd4+
40. Kf3 Qxb4 41. Rc8 Qe7 42. Rxd8+ Qxd8 43. Ba6 Qf6+ 44. Ke2 h5 45. b4 Qg6 46.
Rc8+ Kh7 47. Kd3 Qg4 48. b5 Qf3+ 49. Kc4 Qxe4+ 50. Kc5 Qd4+ 51. Kc6 Qd5+ 52.
Kc7 Qc5+ 53. Kb7 Qd5+ 1/2-1/2

[Event "C.to Provinciale BG"]
[Site "Bergamo ITA"]
[Date "2006.11.03"]
[Round "5"]
[White "Oteri, Aldo"]
[Black "Cambieri, Mario"]
[Result "0-1"]
[WhiteElo "1954"]
[BlackElo "1877"]
[PlyCount "102"]
[EventDate "2006.10.06"]

1. e4 c5 2. Nf3 d6 3. d4 cxd4 4. Nxd4 g6 5. Be3 Nf6 6. Nc3 Bg7 7. f3 Bd7 8. Qd2
Nc6 9. O-O-O O-O 10. g4 Nxd4 11. Bxd4 Bc6 12. h4 Qa5 13. Kb1 b5 14. Nxb5 Qxd2
15. Rxd2 a5 16. a4 Rfd8 17. Bc4 d5 18. exd5 Nxd5 19. Bxg7 Kxg7 20. Bxd5 Rxd5
21. Rxd5 Bxd5 22. Nc7 Bxf3 23. Nxa8 Bxh1 24. Nb6 Bf3 25. g5 Be2 26. c4 f5 27.
Kc2 Kf8 28. Kd2 Bf3 29. c5 Ke8 30. Nc4 Kd8 31. Nxa5 Kc7 32. b4 Bd5 33. b5 e5
34. c6 f4 35. Nb7 Kb6 36. a5+ Kxb5 37. Nd8 Bxc6 38. Nf7 e4 39. Ne5 e3+ 40. Ke2
Be4 41. Ng4 Bf5 42. Nf6 Kxa5 43. Nd5 Bg4+ 44. Ke1 Kb5 45. Nxf4 Kc4 46. Kf1 Kd4
47. Kg1 Ke4 48. Ng2 Kf3 49. Ne1+ Kg3 50. Ng2 e2 51. Ne1 Kxh4 0-1

[Event "C.to Provinciale BG"]
[Site "Bergamo ITA"]
[Date "2006.11.03"]
[Round "5"]
[White "Sibella, Guido"]
[Black "Salvetti, Carlo"]
[Result "0-1"]
[WhiteElo "1469"]
[BlackElo "1377"]
[PlyCount "90"]
[EventDate "2006.10.06"]

1. e4 c6 2. Nc3 d5 3. exd5 cxd5 4. d4 e6 5. a3 Nc6 6. Be3 a6 7. Nf3 h6 8. h3
Nf6 9. Bf4 Nh5 10. Bh2 Bd6 11. Ne5 Nf6 12. Be2 O-O 13. O-O Ne4 14. Nxc6 Bxh2+
15. Kxh2 bxc6 16. Na4 Qd6+ 17. Kh1 Rb8 18. Bf3 Qf4 19. Qd3 Nd2 20. Rfe1 Nxf3
21. gxf3 Qh4 22. Qf1 Qxd4 23. b4 a5 24. c3 Qf4 25. Re3 axb4 26. axb4 Ra8 27.
Qg2 d4 28. Rd3 dxc3 29. Rxc3 Qxb4 30. Rca3 Bb7 31. Qg4 c5 32. Kh2 Qxg4 33. fxg4
c4 34. Rc3 Bd5 35. Raa3 Ra5 36. Nb6 Rxa3 37. Rxa3 g5 38. Nd7 Rc8 39. Nf6+ Kg7
40. Nd7 c3 41. Ra1 c2 42. Rc1 Be4 43. Kg3 Rd8 44. f3 Bh7 45. Ne5 Rd1 0-1

[Event "C.to Provinciale BG"]
[Site "Bergamo ITA"]
[Date "2006.11.03"]
[Round "5"]
[White "Valsecchi, Alessio"]
[Black "Canova, Luca"]
[Result "1/2-1/2"]
[WhiteElo "2030"]
[BlackElo "2088"]
[PlyCount "46"]
[EventDate "2006.10.06"]

1. e4 e5 2. Nf3 Nc6 3. Bb5 a6 4. Ba4 Nf6 5. d4 exd4 6. O-O Be7 7. e5 Ne4 8.
Nxd4 Nc5 9. Nf5 O-O 10. Qg4 g6 11. Bxc6 dxc6 12. Nxe7+ Qxe7 13. Qg3 Re8 14. Re1
Bf5 15. Bg5 f6 16. Bf4 Bxc2 17. Nc3 Nd3 18. Ne4 Nxe5 19. Nxf6+ Qxf6 20. Bxe5
Qf7 21. Re3 Rad8 22. Bxc7 Rxe3 23. fxe3 Rd1+ 1/2-1/2

[Event "C.to Provinciale BG"]
[Site "Bergamo ITA"]
[Date "2006.11.03"]
[Round "5"]
[White "Villa, Claudio"]
[Black "Testa, Luigi"]
[Result "1-0"]
[WhiteElo "1798"]
[BlackElo "1572"]
[PlyCount "103"]
[EventDate "2006.10.06"]

1. b3 d5 2. Bb2 Nd7 3. Nf3 Ngf6 4. e3 e6 5. c4 c6 6. Nc3 g6 7. cxd5 cxd5 8. Rc1
a6 9. e4 dxe4 10. Nxe4 Be7 11. Qc2 O-O 12. Be2 Nxe4 13. Qxe4 Bf6 14. Bxf6 Nxf6
15. Qe5 Nd5 16. O-O b5 17. Nd4 Qf6 18. Qxf6 Nxf6 19. Nc6 Bb7 20. Ne7+ Kg7 21.
Rc7 Rab8 22. Rfc1 Ne8 23. R7c5 Kf6 24. Nc6 Rc8 25. Bf3 Nd6 26. Kf1 Kg7 27. Nd4
Rxc5 28. Rxc5 Bxf3 29. Nxf3 Rc8 30. d4 f6 31. Ke2 Kf7 32. Kd3 Ke7 33. Nd2 Kd7
34. Rxc8 Kxc8 35. Ne4 Nxe4 36. Kxe4 Kd7 37. d5 e5 38. f4 exf4 39. Kxf4 Kd6 40.
Ke4 f5+ 41. Kf4 h6 42. h4 Kxd5 43. h5 gxh5 44. Kxf5 a5 45. Kg6 a4 46. bxa4 bxa4
47. Kxh5 Kc4 48. Kxh6 Kc3 49. g4 a3 50. g5 Kb2 51. g6 Kxa2 52. g7 1-0

[Event "C.to Provinciale BG"]
[Site "Bergamo ITA"]
[Date "2006.11.10"]
[Round "6"]
[White "Biava, Pierluigi"]
[Black "Mangili, Riccardo"]
[Result "1-0"]
[WhiteElo "1811"]
[BlackElo "1668"]
[PlyCount "87"]
[EventDate "2006.10.06"]

1. e4 c5 2. Nf3 Nc6 3. Bb5 a6 4. Bxc6 bxc6 5. d3 g6 6. Nc3 Bg7 7. O-O d6 8. h3
Nf6 9. Re1 e5 10. Bg5 O-O 11. Qd2 Re8 12. b3 Qc7 13. Bh6 Bh8 14. Qg5 Qe7 15.
Na4 Rb8 16. Nb2 Be6 17. c4 Nh5 18. Qxe7 Rxe7 19. Na4 f5 20. Ng5 Bd7 21. Rad1
Bf6 22. Re3 Nf4 23. Kh2 Ne6 24. Nxe6 Bxe6 25. exf5 gxf5 26. Rg3+ Kf7 27. f4
Ree8 28. Bg5 Bg7 29. Rf3 Rg8 30. fxe5 Bxe5+ 31. Bf4 Bxf4+ 32. Rxf4 Kg6 33. Rdf1
Rbe8 34. d4 cxd4 35. Rxd4 Rd8 36. Rfd1 d5 37. Nc5 Bc8 38. cxd5 cxd5 39. Rxd5
Rde8 40. R1d2 f4 41. Rd6+ Kf7 42. Nxa6 Bb7 43. Nc7 f3 44. Nxe8 1-0

[Event "C.to Provinciale BG"]
[Site "Bergamo ITA"]
[Date "2006.11.10"]
[Round "6"]
[White "Bosio, Giovanni"]
[Black "Guerini, Sara"]
[Result "1-0"]
[WhiteElo "1643"]
[BlackElo "1380"]
[PlyCount "107"]
[EventDate "2006.10.06"]

1. d4 d5 2. c4 dxc4 3. e3 e6 4. Bxc4 Nc6 5. Nc3 Nf6 6. a3 Bd6 7. Nf3 O-O 8. O-O
a6 9. e4 b5 10. Bb3 Na5 11. e5 Bxe5 12. dxe5 Qxd1 13. Bxd1 Rd8 14. exf6 gxf6
15. b4 Nc4 16. Bb3 Nb6 17. Rd1 Nd5 18. Nxd5 exd5 19. Rxd5 Be6 20. Rxd8+ Rxd8
21. Be3 Bxb3 22. h3 h6 23. Bxh6 Kh7 24. Be3 Bd5 25. Rc1 c6 26. Nd4 Rc8 27. Nf5
Be4 28. Ne7 Rc7 29. Bc5 Rd7 30. f3 Bd5 31. Nxd5 Rxd5 32. Ra1 Kg6 33. a4 a5 34.
axb5 axb4 35. Bxb4 Rxb5 36. Bd2 c5 37. Rc1 Kf5 38. Be3 Ke5 39. Rxc5+ Rxc5 40.
Bxc5 Ke6 41. h4 f5 42. Kf2 Kf6 43. Kg3 Kg6 44. Kf4 Kh6 45. Kxf5 f6 46. Kxf6 Kh5
47. g3 Kh6 48. g4 Kh7 49. g5 Kh8 50. g6 Kg8 51. g7 Kh7 52. Kf7 Kh6 53. g8=Q Kh5
54. Qg5# 1-0

[Event "C.to Provinciale BG"]
[Site "Bergamo ITA"]
[Date "2006.11.10"]
[Round "6"]
[White "Brambilla, Augusto"]
[Black "Gerosa, Ottavio"]
[Result "0-1"]
[WhiteElo "1374"]
[BlackElo "1458"]
[PlyCount "98"]
[EventDate "2006.10.06"]

1. e4 d6 2. d4 Nf6 3. Nc3 c6 4. h3 Qa5 5. Bd2 Qc7 6. Nf3 d5 7. exd5 cxd5 8. g3
e6 9. a3 Bd7 10. Ne5 a6 11. Nxd7 Nbxd7 12. Bf4 Bd6 13. Bxd6 Qxd6 14. Bg2 O-O
15. O-O Rac8 16. Qf3 Rfe8 17. Rfe1 Nf8 18. Rac1 Ng6 19. Re2 h5 20. Rce1 Qb6 21.
Na4 Qxd4 22. b3 b5 23. c3 Qa7 24. Nb2 Qc5 25. b4 Qxc3 26. Qxc3 Rxc3 27. Re3
Rxe3 28. Rxe3 e5 29. Rc3 d4 30. Rc6 Ra8 31. a4 e4 32. Kf1 d3 33. Ke1 a5 34.
axb5 a4 35. b6 Nd7 36. b7 Ra7 37. Rc8+ Kh7 38. Rc7 a3 39. b8=Q Nxb8 40. Rxa7
axb2 41. Bxe4 b1=Q+ 42. Kd2 Qc2+ 43. Ke3 Qe2+ 44. Kd4 d2 45. Bc2 Nc6+ 46. Kc3
Nxa7 47. Bd3 Qe1 48. Bc2 d1=Q+ 49. Kb2 Qxb4+ 0-1

[Event "C.to Provinciale BG"]
[Site "Bergamo ITA"]
[Date "2006.11.10"]
[Round "6"]
[White "Cambieri, Mario"]
[Black "Cammarota, Vittorio"]
[Result "1-0"]
[WhiteElo "1877"]
[BlackElo "1926"]
[PlyCount "97"]
[EventDate "2006.10.06"]

1. e4 c5 2. Nf3 Nc6 3. d4 cxd4 4. Nxd4 Qb6 5. Nb3 Nf6 6. Bd3 e6 7. O-O a6 8.
Nc3 Bb4 9. Be3 Qc7 10. Ne2 O-O 11. c3 Be7 12. f4 d5 13. Ng3 b5 14. e5 Nd7 15.
Bd4 g6 16. Qf3 Bb7 17. Rae1 Nxd4 18. Nxd4 Bc5 19. Qg4 Rae8 20. Qg5 f6 21. exf6
Nxf6 22. Kh1 Bxd4 23. cxd4 Qg7 24. Qe5 Qh6 25. Qe2 Qh4 26. Rf3 Ng4 27. h3 Nh6
28. Qf2 Ng4 29. Qf1 b4 30. Kg1 Nh6 31. Qf2 Qd8 32. Rfe3 Qb6 33. R3e2 Bc8 34.
Nf1 g5 35. g3 gxf4 36. gxf4 Kh8 37. Kh2 Qc7 38. Re5 Qf7 39. Kg3 Qg7+ 40. Rg5
Qf6 41. Nh2 Nf5+ 42. Bxf5 exf5 43. Rxe8 Rxe8 44. Kg2 Re4 45. Nf3 h6 46. Rg3
Rxf4 47. Qc2 Qf8 48. Ne5 Qd6 49. Nf7+ 1-0

[Event "C.to Provinciale BG"]
[Site "Bergamo ITA"]
[Date "2006.11.10"]
[Round "6"]
[White "Canova, Luca"]
[Black "Longo, Pietro"]
[Result "0-1"]
[WhiteElo "2088"]
[BlackElo "1772"]
[PlyCount "92"]
[EventDate "2006.10.06"]

1. d4 Nf6 2. c4 g6 3. Nc3 Bg7 4. e4 d6 5. f4 O-O 6. Nf3 c5 7. dxc5 Qa5 8. Bd3
Qxc5 9. Qe2 Nc6 10. Be3 Qa5 11. O-O Ng4 12. Bd2 Nd4 13. Nxd4 Bxd4+ 14. Kh1 Qc5
15. Nd5 Re8 16. b4 Qc6 17. Rac1 e6 18. c5 exd5 19. Bb5 Rxe4 20. Qxe4 dxe4 21.
Bxc6 bxc6 22. h3 Nf2+ 23. Kh2 Ba6 24. Rfe1 Nd3 25. Rxe4 dxc5 26. Rxd4 cxd4 27.
Rxc6 Bb5 28. Rd6 Rc8 29. f5 gxf5 30. Rxd4 Nf2 31. Bh6 Ne4 32. Rd5 Bc4 33. Rxf5
Rc6 34. Be3 Bxa2 35. Ra5 Bc4 36. Bxa7 Ra6 37. Re5 Rxa7 38. Rxe4 Be6 39. Kg3 Ra2
40. Rd4 Rc2 41. Kf3 Rc4 42. Ke3 Rxd4 43. Kxd4 Kf8 44. b5 Ke7 45. b6 Kd6 46. h4
h5 0-1

[Event "C.to Provinciale BG"]
[Site "Bergamo ITA"]
[Date "2006.11.10"]
[Round "6"]
[White "Gucciardo, Salvatore"]
[Black "Villa, Claudio"]
[Result "0-1"]
[WhiteElo "1560"]
[BlackElo "1798"]
[PlyCount "100"]
[EventDate "2006.10.06"]

1. e4 e5 2. Nf3 d6 3. d4 Nc6 4. dxe5 dxe5 5. Qxd8+ Kxd8 6. Bc4 f6 7. Be3 Nge7
8. Nc3 Ng6 9. O-O-O+ Bd7 10. Be6 Bd6 11. Bxd7 Kxd7 12. Nb5 Rhd8 13. Nxd6 cxd6
14. Rd2 Nge7 15. Bc5 Ke6 16. Ba3 b5 17. b3 a5 18. Rhd1 b4 19. Bb2 a4 20. c4
axb3 21. axb3 Na5 22. Kc2 Nb7 23. Ne1 Nc5 24. f3 f5 25. Nd3 Nxd3 26. exf5+ Nxf5
27. Rxd3 Rac8 28. g4 Ne7 29. Re3 g5 30. Ree1 Rc5 31. Bc1 h6 32. Bd2 Nc6 33. Be3
Ra5 34. Kb2 Rda8 35. Ra1 Rxa1 36. Rxa1 Rxa1 37. Kxa1 Nd4 38. Kb2 Nxf3 39. h3
Nd4 40. Bd2 Nc6 41. Kc2 e4 42. h4 gxh4 43. Bxh6 h3 44. Bf4 Nd4+ 45. Kd2 Nxb3+
46. Ke3 Nc5 47. g5 b3 48. Kd2 b2 49. Kc2 Nd3 50. Bg3 e3 0-1

[Event "C.to Provinciale BG"]
[Site "Bergamo ITA"]
[Date "2006.11.10"]
[Round "6"]
[White "Luizaga, Lucas"]
[Black "Sibella, Guido"]
[Result "1-0"]
[WhiteElo "1428"]
[BlackElo "1469"]
[PlyCount "111"]
[EventDate "2006.10.06"]

1. e4 e5 2. Nf3 d6 3. Bc4 Nc6 4. d3 h6 5. Nc3 Nf6 6. h3 a6 7. a4 Bd7 8. O-O Qc8
9. Nh2 Be7 10. Nd5 Be6 11. Nxf6+ Bxf6 12. Bxe6 Qxe6 13. Qg4 Qe7 14. Nf3 Nd4 15.
Nxd4 exd4 16. Re1 h5 17. Qg3 O-O-O 18. Bd2 g5 19. f4 Rdg8 20. e5 dxe5 21. fxe5
Bg7 22. Qxg5 Qe6 23. Bb4 Bh6 24. Qe7 Qxe7 25. Bxe7 Be3+ 26. Kh1 Rg6 27. Bf6
Rhg8 28. Re2 b6 29. Rf1 Kb7 30. Rf5 Rh6 31. Bh4 Rh7 32. Bf2 Rhg7 33. Bxe3 dxe3
34. Rf3 Re8 35. Rfxe3 Re6 36. d4 c6 37. c4 Rgg6 38. d5 cxd5 39. cxd5 Re7 40. e6
fxe6 41. dxe6 Kc6 42. Kh2 Rf6 43. Re4 Kd5 44. Re5+ Kd6 45. Rxh5 Rexe6 46. Rxe6+
Kxe6 47. b4 b5 48. a5 Rg6 49. g4 Kd7 50. Kg3 Rd6 51. g5 Rd3+ 52. Kf4 Rd4+ 53.
Kf5 Rxb4 54. g6 Kc7 55. g7 Ra4 56. Kg6 1-0

[Event "C.to Provinciale BG"]
[Site "Bergamo ITA"]
[Date "2006.11.10"]
[Round "6"]
[White "Maggioni, Oliviero"]
[Black "Elsido, Massimo"]
[Result "0-1"]
[WhiteElo "1550"]
[BlackElo "1790"]
[PlyCount "80"]
[EventDate "2006.10.06"]

1. e4 e5 2. Nf3 Nc6 3. c3 Nf6 4. d3 d5 5. exd5 Qxd5 6. h3 Be7 7. Be2 O-O 8. O-O
Rd8 9. Be3 e4 10. c4 Qd7 11. dxe4 Qxd1 12. Rxd1 Rxd1+ 13. Bxd1 Nxe4 14. Nc3
Nxc3 15. bxc3 Be6 16. c5 Rd8 17. Bb3 Bf6 18. Nd4 Nxd4 19. cxd4 Bxd4 20. Rd1 Bf6
21. Rxd8+ Bxd8 22. Kf1 Bxb3 23. axb3 c6 24. Ke2 Bc7 25. Kd3 f5 26. f4 Kf7 27.
g4 Ke6 28. Kc4 h6 29. b4 a6 30. Bd2 Bd8 31. Bc3 fxg4 32. hxg4 g6 33. Bg7 h5 34.
gxh5 gxh5 35. Kd4 Bf6+ 36. Bxf6 Kxf6 37. Ke4 h4 38. Kf3 Kf5 39. Kg2 Kxf4 40.
Kh3 Ke4 0-1

[Event "C.to Provinciale BG"]
[Site "Bergamo ITA"]
[Date "2006.11.10"]
[Round "6"]
[White "Mazzotti, Federico"]
[Black "Impellizzeri, Francesco"]
[Result "1-0"]
[WhiteElo "1786"]
[BlackElo "1688"]
[PlyCount "113"]
[EventDate "2006.10.06"]

1. e4 e6 2. d4 d5 3. e5 c5 4. c3 Nc6 5. Nf3 Bd7 6. Bd3 Rc8 7. O-O cxd4 8. cxd4
Qb6 9. Nc3 Nxd4 10. Nxd4 Qxd4 11. Qe2 a6 12. Re1 Qb6 13. Be3 Bc5 14. Bxc5 Qxc5
15. Qg4 g6 16. Rac1 h5 17. Qf3 Qe7 18. Qf4 g5 19. Qe3 Nh6 20. Qb6 Bc6 21. Na4
Qd8 22. Qd4 Bxa4 23. Qxa4+ Kf8 24. Qb4+ Kg7 25. Qxb7 Rb8 26. Qxa6 Rxb2 27. a4
Ng4 28. Qa7 Qb8 29. Qxb8 Rhxb8 30. Rb1 Nxe5 31. Bb5 Nc4 32. Rxb2 Nxb2 33. Ra1
d4 34. Kf1 d3 35. Ke1 Rc8 36. Kd2 Rc2+ 37. Ke3 d2 38. Be2 Rc1 39. Ra2 d1=Q 40.
Bxd1 Nxd1+ 41. Kd2 Rc8 42. Kxd1 Kf6 43. a5 Ke7 44. Kd2 Kd6 45. Ke3 f5 46. a6
Ra8 47. a7 e5 48. Ra5 Ke6 49. Kd3 h4 50. Kc4 g4 51. Ra6+ Kd7 52. Kd5 f4 53.
Kxe5 g3 54. hxg3 f3 55. gxf3 h3 56. Rh6 Kd8 57. Rh8+ 1-0

[Event "C.to Provinciale BG"]
[Site "Bergamo ITA"]
[Date "2006.11.10"]
[Round "6"]
[White "Molteni, Costantino"]
[Black "Gerali, Paolo"]
[Result "0-1"]
[WhiteElo "1950"]
[BlackElo "1959"]
[PlyCount "48"]
[EventDate "2006.10.06"]

1. d4 Nf6 2. c4 e6 3. g3 d5 4. Nf3 Be7 5. Bg2 O-O 6. O-O dxc4 7. Qc2 a6 8. a4
Nc6 9. Qxc4 Nb4 10. Bf4 Nfd5 11. Nc3 Nxf4 12. gxf4 Rb8 13. Ne5 f6 14. Nf3 Kh8
15. e3 Bd7 16. Rfd1 b5 17. axb5 axb5 18. Qb3 Qc8 19. Bh3 e5 20. Bxd7 Qxd7 21.
dxe5 Qg4+ 22. Kf1 Qxf3 23. exf6 Rxf6 24. Ra7 Bc5 0-1

[Event "C.to Provinciale BG"]
[Site "Bergamo ITA"]
[Date "2006.11.10"]
[Round "6"]
[White "Mora, Lorenzo"]
[Black "Cattaneo, Dario"]
[Result "1-0"]
[WhiteElo "1837"]
[BlackElo "1508"]
[PlyCount "77"]
[EventDate "2006.10.06"]

1. e4 e6 2. d3 d5 3. Nd2 c5 4. g3 Nc6 5. Ngf3 dxe4 6. dxe4 e5 7. Bg2 Nf6 8. O-O
Be7 9. Nc4 Qc7 10. Qe2 O-O 11. b3 b5 12. Ne3 a6 13. Bb2 Nd4 14. Nxd4 cxd4 15.
Nd5 Qd6 16. f4 Qc5 17. fxe5 d3+ 18. Qf2 Qxf2+ 19. Rxf2 Nxd5 20. exd5 Bc5 21.
cxd3 Bxf2+ 22. Kxf2 Bb7 23. Be4 Rfd8 24. d6 Bxe4 25. dxe4 Rd7 26. Rc1 Kf8 27.
Rc6 f6 28. exf6 gxf6 29. Bxf6 Re8 30. e5 Rf7 31. Kg2 Ra7 32. Kh3 b4 33. Kg4 a5
34. Kf5 a4 35. e6 Ra5+ 36. Be5 axb3 37. axb3 Ra3 38. d7 Rd8 39. Kf6 1-0